000 01884nam a22003377a 4500
005 20100816155246.0
010 _aB-447105-109
020 _c295.00
_a8178242796
020 _c295.00
_a9788178242798
035 _aB-447105-109
037 _bBPPD/KKP
082 _a954.08
100 _aDasgupta, Subrata
245 _aThe Bengal renaissance :
_cby Subrata Dasgupta
_bidentity and creativity from Rammohan Roy to Rabindranath Tagore /
260 _c2010
_aRanikhet
_bPermanent Black
270 _a'Himalayana', Mall Road,
_b Ranikhet
_e263645
300 _a280p.
_c20cm (pbk)
500 _aincludes bibliographical references and index
650 _aIndia
_zBengal
_944578
650 _aIntellectual life
_944579
650 _aSocial evaluation
_944580
700 _914065
700 _914031
942 _2ddc
_cEN
_mDAS
_k954.08
999 _c64325
_d64325